Brugalla, maestro encuadernador, en la biblioteca de la Real Academia de la Historia / (Record no. 77286)

MARC details
000 -LEADER
campo de control de longitud fija 01389nam a2200361 c 4500
001 - NÚMERO DE CONTROL
campo de control C00080939c
003 - IDENTIFICADOR DE NÚMERO DE CONTROL
campo de control SpMaBN
005 - FECHA Y HORA DE LA ÚLTIMA TRANSACCIÓN
campo de control 20241029152444.0
008 - DATOS DE LONGITUD FIJA--INFORMACIÓN GENERAL
campo de control de longitud fija 230614s2015 sp a | |||| 000 0 spa
015 ## - NÚMERO DE BIBLIOGRAFÍA NACIONAL
Número de bibliografía nacional MON15
017 ## - NÚMERO DE COPYRIGHT O DE DEPÓSITO LEGAL
Número de copyright o de depósito legal M 3597-2015
Agencia que asigna Oficina Depósito Legal Madrid
020 ## - NÚMERO INTERNACIONAL ESTÁNDAR DEL LIBRO
Número Internacional Estándar del Libro 978-84-15069-51-5
035 ## - NÚMERO DE CONTROL DEL SISTEMA
Número de control de sistema (OCoLC)908833951
040 ## - FUENTE DE CATALOGACIÓN
Centro catalogador/agencia de origen SpMaBN
Lengua de catalogación spa
Centro/agencia transcriptor SpMaBN
Centro/agencia modificador M-RABA
Normas de descripción rdc
080 ## - NÚMERO DE LA CLASIFICACIÓN DECIMAL UNIVERSAL
Número de la Clasificación Decimal Universal 686.1 Brugalla Turmo, Emilio
080 ## - NÚMERO DE LA CLASIFICACIÓN DECIMAL UNIVERSAL
Número de la Clasificación Decimal Universal 745/746.036(460):686.1
100 1# - ENTRADA PRINCIPAL--NOMBRE DE PERSONA
Nombre de persona García Herranz, Ana (
Fechas asociadas al nombre 1972-)
9 (RLIN) 60300
245 10 - MENCIÓN DEL TÍTULO
Título Brugalla, maestro encuadernador, en la biblioteca de la Real Academia de la Historia /
Mención de responsabilidad, etc. Ana García Herranz, Antonio Carpallo Bautista.
260 ## - PUBLICACIÓN, DISTRIBUCIÓN, ETC.
Lugar de publicación, distribución, etc. [Madrid] :
Nombre del editor, distribuidor, etc. Real Academia de la Historia,
Fecha de publicación, distribución, etc. D.L. 2015.
300 ## - DESCRIPCIÓN FÍSICA
Extensión 161 p. :
Otras características físicas il. col. y n. ;
Dimensiones 24 cm.
336 ## - TIPO DE CONTENIDO
Término de tipo de contenido Texto (visual)
Fuente isbdcontent]
337 ## - TIPO DE MEDIO
Nombre/término del tipo de medio sin mediación
Fuente isbdmedia]
500 ## - NOTA GENERAL
Nota general Ejemplar firmado.
504 ## - NOTA DE BIBLIOGRAFÍA, ETC.
Nota de bibliografía, etc. Nota Bibliografía: p. [119]-121.
600 17 - PUNTO DE ACCESO ADICIONAL DE MATERIA--NOMBRE DE PERSONA
Nombre de persona Brugalla Turmo, Emilio (
Fechas asociadas al nombre 1901-1987)
9 (RLIN) 225
650 #7 - PUNTO DE ACCESO ADICIONAL DE MATERIA--TÉRMINO DE MATERIA
Término de materia o nombre geográfico como elemento de entrada Encuadernación artística
-- Real Academia de la Historia (España).
Término de materia que sigue a un nombre geográfico como elemento de entrada Biblioteca.
9 (RLIN) 109914
700 1# - ENTRADA AGREGADA--NOMBRE PERSONAL
Nombre de persona Carpallo Bautista, Antonio.
9 (RLIN) 39416
700 1# - ENTRADA AGREGADA--NOMBRE PERSONAL
Nombre de persona García Herranz, Ana (
Fechas asociadas al nombre 1972-)
9 (RLIN) 60300
710 2# - ENTRADA AGREGADA--NOMBRE DE ENTIDAD CORPORATIVA
Nombre de entidad corporativa o nombre de jurisdicción como elemento de entrada Real Academia de la Historia (España).
Unidad subordinada Biblioteca.
9 (RLIN) 37901
852 4# - LOCALIZACIÓN
Ubicación M-RABA
Número de control de estantería J-1949
Holdings
Estatus retirado Estado de pérdida Estado de daño No para préstamo Colección Biblioteca de origen Biblioteca actual Ubicación en estantería Fecha de adquisición Fuente de adquisición Total de préstamos Signatura topográfica completa Código de barras Visto por última vez Precio de reemplazo Tipo de ítem Koha Nota pública
          Real Academia de la Bellas Artes de San Fernando Real Academia de la Bellas Artes de San Fernando Depósito 2 14/06/2023 D   J-1949 1085912 15/10/2024 15/10/2024 Fondo moderno Ejemplar firmado

Powered by Koha